000 00833nam a22002417a 4500
001 06966
003 HDC
007 cr bn ---
008 210126p ||||| |||| 00| 0 eng d
040 _aHDC
100 _aHashley, Jennifer
_97448
245 0 _aSmall-Scale Poultry Production Resources /
_ccompiled and annotated by Jennifer Hashley and Pete Lowy
260 _aConcord, MA :
_bPete and Jen's Backyard Birds,
_c[19--]
336 _atext
_2rdacontent
337 _acomputer
_2rdamedia
338 _aonline resource
_2rdacarrier
650 _aGeneral Farm
_97449
650 _aPoultry
_91550
856 _zRequest full-text at [email protected]
942 _2lcc
942 _cAR
942 _kJART 000625
999 _c4290
_d4290